Stories for bedtime

Bibliographic Details
Other Authors: Stevenson, Peter (illustrated)
Format: Book
Published: Loughborough : Ladybird Books , 19__
Subjects:

MARC

LEADER 00000cam a2200000 7i4500
001 0000003351
002 000003616
005 20000330.0
020 |a 0721475515 
090 0 0 |a JF   |b STO 
245 0 0 |a Stories for bedtime   |c chosen by Tony Bradman ; illustrated by Peter Stevenson 
260 |a Loughborough :   |b Ladybird Books ,   |c 19__ 
300 |a 93p. :   |b ill. ;   |c 30cm. 
650 0 0 |a Children's stories 
700 1 |a Stevenson, Peter ,   |e illustrated 
999 |a 036917   |b BUKU   |c PINJAMAN   |e PERPUSTAKAAN KOMUNITI PETALING JAYA 
999 |a 056037   |b BUKU   |c PINJAMAN   |e PERPUSTAKAAN KOMUNITI PETALING JAYA 
999 |a 057842   |b BUKU   |c PINJAMAN   |e PERPUSTAKAAN KOMUNITI PETALING JAYA 
999 |a 057843   |b BUKU   |c PINJAMAN   |e PERPUSTAKAAN KOMUNITI PETALING JAYA 
999 |a 057844   |b BUKU   |c PINJAMAN   |e PERPUSTAKAAN KOMUNITI PETALING JAYA